Language Quiz

Random Language or Country Quiz

European Languages in South America Quiz Stats

Quiz Updated Mar 30, 2016

Challenge
Share
Tweet
Score 0/5 Timer 00:30
7 Plays Today
% Correct
Portuguese
96.4%
Spanish
95.3%
English
77.2%
Dutch
74.8%
French
70.4%

You're not logged in!

Compare scores with friends on all Sporcle quizzes.
Join for Free
OR
Log In

You Might Also Like...

Show Comments

Extras

Top Quizzes Today


Score Distribution

Your Account Isn't Verified!

In order to create a playlist on Sporcle, you need to verify the email address you used during registration. Go to your Sporcle Settings to finish the process.

Report this User

Report this user for behavior that violates our Community Guidelines.

Details: